| 000 | 01567nam a22003857a 4500 | ||
|---|---|---|---|
| 001 | 226 | ||
| 003 | FISKH | ||
| 005 | 20230307130046.0 | ||
| 008 | 230307b cb ||||| |||| 00| 0 eng d | ||
| 040 |
_aDLC _beng _cDLC _erda _dDLC |
||
| 050 | 0 | 0 |
_aPZ7.B52934 _bUrb 2014 |
| 082 | 0 | 0 |
_a823.92 _223 |
| 100 | 1 | _aBlack, Peter Jay. | |
| 245 | 1 | 0 |
_aUrban outlaws / _cPeter Jay Black. |
| 264 | 1 |
_aNew York _bScholastic _c2014 |
|
| 300 |
_a274 p. _billustrations ; _c20 cm. |
||
| 336 |
_atext _2rdacontent |
||
| 337 |
_aunmediated _2rdamedia |
||
| 338 |
_avolume _2rdacarrier |
||
| 520 | _aDeep beneath London, five extraordinary youths, orphans who bonded over their shared sense of justice, have formed the Urban Outlaws and dedicated themselves to outsmarting criminals and performing Random Acts of Kindness (R.A.K.s), but they are in serious trouble when they face a genius super-computer, Proteus. | ||
| 521 | 8 |
_a650
_bLexile |
|
| 521 | 8 |
_aM
_bRaz-Plus |
|
| 650 | 1 |
_aAdventure and adventurers _vFiction. |
|
| 650 | 1 |
_aAbility _vFiction. |
|
| 650 | 1 |
_aOrphans _vFiction. |
|
| 650 | 1 |
_aCriminals _vFiction. |
|
| 650 | 1 |
_aComputers _vFiction. |
|
| 650 | 1 | _aScience fiction. | |
| 650 | 7 |
_aJUVENILE FICTION / Action & Adventure / General. _2bisacsh |
|
| 650 | 7 |
_aJUVENILE FICTION / Science & Technology. _2bisacsh |
|
| 650 | 7 |
_aJUVENILE FICTION / Law & Crime. _2bisacsh |
|
| 856 | 4 | 2 |
_3Cover image _uhttp://www.netread.com/jcusers2/bk1388/008/9781619634008/image/lgcover.9781619634008.jpg |
| 906 |
_a7 _bcbc _corignew _d1 _eecip _f20 _gy-gencatlg |
||
| 942 |
_2ddc _cBK _n0 |
||
| 999 |
_c226 _d226 |
||